| 000 | 00736cam a2200229 a 4500 | ||
|---|---|---|---|
| 001 | 000011998 | ||
| 005 | 20200929162642.0 | ||
| 008 | 791219s1950 ag 000 0bspa d | ||
| 040 |
_aDO-SdBNP _bspa _cBNPHU |
||
| 082 |
_a923.237 _bB913Q, 1950 |
||
| 100 | 1 |
_aQuevedo, Francisco de, _d1580-1645 _96261 |
|
| 245 | 1 | 0 |
_aVida de Marco Bruto / _cFrancisco de Quevedo. |
| 250 | _a2a ed. | ||
| 260 |
_aBuenos Aires, Argentina : _bEspasa-Galpe, _c1950. |
||
| 300 |
_a148 p. ; _c18 cm. |
||
| 490 | 1 |
_aAustral _v957 |
|
| 600 | 1 | 0 |
_aBRUTO, MARCO JUNIO, _d85?-42 A.C. _928395 |
| 651 | 4 |
_aRoma _xHistoria _xRepública, 510-30 A.C _928396 |
|
| 651 | 4 |
_aRoma _xReyes Y Soberanos _y510-30 A.C. _928397 |
|
| 830 | 0 |
_aAustral ; _n957 _928398 |
|
| 049 | _aBNGR | ||
| 999 |
_c11666 _d11666 |
||